<?xml version="1.0" encoding="UTF-8"?>
<collection xmlns="http://www.loc.gov/MARC21/slim">
 <record>
  <leader>00782pamaa2200205   4500</leader>
  <controlfield tag="001">0000046543</controlfield>
  <controlfield tag="005">20121206090000.0</controlfield>
  <controlfield tag="008">100119                             eng  </controlfield>
  <datafield tag="020" ind1="0" ind2="0">
   <subfield code="a">9789812564184 </subfield>
  </datafield>
  <datafield tag="090" ind1="0" ind2="0">
   <subfield code="a">QC16.O62 </subfield>
   <subfield code="b">OPP 2006</subfield>
  </datafield>
  <datafield tag="245" ind1="1" ind2="0">
   <subfield code="a">Oppenheimer and the Manhattan Project : </subfield>
   <subfield code="b">insights into J. Robert Oppenheimer, &quot;Father of the atomic bomb&quot;  </subfield>
   <subfield code="c">editor, Cynthia C. Kelly.</subfield>
  </datafield>
  <datafield tag="260" ind1="0" ind2="0">
   <subfield code="a">Hackensack, N.J.: </subfield>
   <subfield code="b">World Scientific, </subfield>
   <subfield code="c">2006.</subfield>
  </datafield>
  <datafield tag="300" ind1=" " ind2=" ">
   <subfield code="a">vii, 173 p.: </subfield>
   <subfield code="b">ill., ports.; </subfield>
   <subfield code="c">23 cm.</subfield>
  </datafield>
  <datafield tag="501" ind1="0" ind2="0">
   <subfield code="a">FAS</subfield>
  </datafield>
  <datafield tag="504" ind1="0" ind2="0">
   <subfield code="a">Includes bibliographical references and index</subfield>
  </datafield>
  <datafield tag="600" ind1="1" ind2="0">
   <subfield code="a">Oppenheimer, </subfield>
   <subfield code="h">J. Robert, </subfield>
   <subfield code="c">1904-1967</subfield>
  </datafield>
  <datafield tag="650" ind1="0" ind2="0">
   <subfield code="a">Manhattan Project </subfield>
  </datafield>
  <datafield tag="650" ind1="0" ind2="0">
   <subfield code="a">Atomic bomb -- </subfield>
   <subfield code="x">History -- </subfield>
   <subfield code="z">United States </subfield>
  </datafield>
  <datafield tag="700" ind1="1" ind2="1">
   <subfield code="a">Kelly, </subfield>
   <subfield code="h">Cynthia C. </subfield>
  </datafield>
  <datafield tag="901" ind1=" " ind2=" ">
   <subfield code="u">http://www.worldscientific.com</subfield>
  </datafield>
 </record>
</collection>
